[Event "Islington op"]
[Site "Islington"]
[Date "1972.12.15"]
[Round "1"]
[White "Pachman, Ludek"]
[Black "Speelman, Jonathan S"]
[Result "1-0"]
[WhiteElo "2512"]
[BlackElo "2240"]

1.d4 Nf6 2.c4 g6 3.Nc3 Bg7 4.Bg5 d6 5.e3 O-O 6.Be2 c5 7.Nf3 h6 8.Bh4 Qa5
9.O-O g5 10.Bg3 Nh5 11.Rc1 Nxg3 12.hxg3 Nd7 13.a3 Nf6 14.Nd2 Bf5 15.d5 e6
16.e4 Bh7 17.Re1 Rae8 18.Bd3 Qd8 19.Qc2 exd5 20.cxd5 Ng4 21.Rf1 Ne5 22.Bb5 Re7
23.Rce1 a6 24.Be2 g4 25.f4 gxf3 26.gxf3 f5 27.f4 Nd7 28.Bd3 Bd4+ 29.Kg2 Nf6
30.exf5 Ng4 31.Nd1 Qe8 32.Nf3 Rxe1 33.Rxe1 Qh5 34.Nh4  1-0

[Event "Islington op"]
[Site "Islington"]
[Date "1972.12.16"]
[Round "2"]
[White "Speelman, Jonathan S"]
[Black "Hemingway, TK."]
[Result "0-1"]
[WhiteElo "2240"]
[BlackElo "2104"]

1.e4 Nc6 2.Nf3 e6 3.d4 d5 4.Nc3 Bb4 5.e5 b6 6.Bd3 Bb7 7.Bd2 Qd7 8.O-O O-O-O
9.Ne2 f5 10.exf6 gxf6 11.Re1 Bxd2 12.Qxd2 e5 13.dxe5 Nxe5 14.Ned4 Nxd3 15.Qxd3 Ne7
16.b4 Kb8 17.b5 Ng6 18.a4 Nf4 19.Qf5 Qxf5 20.Nxf5 d4 21.N5xd4 Nxg2 22.Re6 Rhg8
23.Kf1 Bd5 24.Nc6+ Ka8 25.Nxd8 Bc4+ 26.Kg1 Nh4+ 27.Kh1 Bd5 28.Rxf6 Nxf3 29.Rd1 Nd2+
30.f3 Ne4  0-1

[Event "BCF-ch"]
[Site "Clacton on Sea"]
[Date "1974.08.05"]
[Round "1"]
[White "Speelman, Jonathan S"]
[Black "Hartston, William R"]
[Result "1/2-1/2"]
[WhiteElo "2200"]
[BlackElo "2480"]

1.e4 c5 2.Nc3 e6 3.Nf3 Nc6 4.d4 cxd4 5.Nxd4 a6 6.g3 Nge7 7.Nb3 b5 8.Bf4 Ng6
9.Bd6 Bxd6 10.Qxd6 Qe7 11.O-O-O Qxd6 12.Rxd6 Ke7 13.Rd2 d6 14.f4 Rd8 15.Bg2 Bd7
16.Re1 Rac8 17.h4 f6 18.Red1 Be8 19.f5 b4  1/2-1/2

[Event "BCF-ch"]
[Site "Clacton on Sea"]
[Date "1974.08.06"]
[Round "2"]
[White "Mabbs, David J"]
[Black "Speelman, Jonathan S"]
[Result "0-1"]
[WhiteElo "2200"]
[BlackElo "2200"]

1.e4 c5 2.Nf3 Nc6 3.d4 cxd4 4.Nxd4 Nf6 5.Nc3 d6 6.Bc4 Qb6 7.Nxc6 bxc6 8.O-O e6
9.e5 dxe5 10.Qe2 Qc7 11.Re1 Bd6 12.Bg5 h6 13.Bxf6 gxf6 14.Ne4 Be7 15.Ng3 Kf8
16.c3 a5 17.Rad1 a4 18.Nh5 Ra5 19.Qg4 Rg8 20.Qh3 f5 21.b4 axb3 22.axb3 Rg4
23.Be2 Re4 24.Qf3 Bg5 25.c4 Ra2 26.Ng3 Rd4 27.Nf1 c5 28.Qc3 Rxe2 29.Rxe2 Rxd1
30.Rxe5 Bf6  0-1

[Event "BCF-ch"]
[Site "Clacton on Sea"]
[Date "1974.08.07"]
[Round "3"]
[White "Speelman, Jonathan S"]
[Black "Haygarth, Michael J"]
[Result "1-0"]
[WhiteElo "2200"]
[BlackElo "2200"]

1.e4 c6 2.d4 d5 3.Nc3 g6 4.Nf3 Bg4 5.h3 Bxf3 6.Qxf3 e6 7.Bf4 Bg7 8.exd5 exd5
9.O-O-O Ne7 10.g4 O-O 11.h4 Nd7 12.h5 Re8 13.Kb1 Nf8 14.hxg6 hxg6 15.Qh3 Nc8
16.Qh2 Nb6 17.g5 f5 18.gxf6 Bxf6 19.Be5 Nbd7 20.f4 Qe7 21.Bg2 Nb6 22.Rd3 Qg7
23.Rh3 Kf7 24.Rh6 Ke7 25.f5 Bxe5 26.dxe5 gxf5 27.e6 Kd8 28.Bf1 Nc8 29.Bd3 Qc7
30.Qh5 Ne7 31.Qf7 Qd6 32.Bxf5 Kc7 33.Bg4 Kb6 34.Bh5 Red8 35.b3 a5 36.Qf2+ d4
37.Ne4 Qe5 38.Nd2 Ka7 39.Nc4 Qg5 40.Bf7 b6 41.R6h5 Qg4 42.Ne5  1-0

[Event "BCF-ch"]
[Site "Clacton on Sea"]
[Date "1974.08.08"]
[Round "4"]
[White "Speelman, Jonathan S"]
[Black "Webb, Simon"]
[Result "0-1"]
[WhiteElo "2200"]
[BlackElo "2380"]

1.e4 e6 2.Nc3 d5 3.Nf3 d4 4.Ne2 c5 5.c3 Nf6 6.cxd4 Nxe4 7.Nc3 Nxc3 8.dxc3 cxd4
9.Nxd4 Be7 10.Qc2 O-O 11.Bd3 g6 12.Bh6 Re8 13.O-O-O Qa5 14.Kb1 e5 15.Nb3 Qa4
16.h4 Bxh4 17.Qe2 Nc6 18.Bb5 Qg4 19.f3 Qg3 20.Ka1 Qf2 21.Qc4 Be7 22.Bxc6 bxc6
23.Qe4 Qg3 24.f4 Bf5 25.Qxe5 Bf8 26.Qf6 Bxh6 27.Rxh6 Re1 28.Rh1 Rxh1 29.Rxh1 Re8
30.Rd1 Qxg2 31.Qh4 h5 32.Nd4 Qg4 33.Qxg4 Bxg4 34.Rg1 c5 35.Nb3 h4  0-1

[Event "BCF-ch"]
[Site "Clacton on Sea"]
[Date "1974.08.09"]
[Round "5"]
[White "Stean, Michael"]
[Black "Speelman, Jonathan S"]
[Result "1/2-1/2"]
[WhiteElo "2345"]
[BlackElo "2200"]

1.Nf3 c5 2.c4 g6 3.d4 Bg7 4.e4 cxd4 5.Nxd4 Nc6 6.Be3 Nf6 7.Nc3 Ng4 8.Qxg4 Nxd4
9.Qd1 Ne6 10.Qd2 d6 11.Be2 Bd7 12.O-O O-O 13.b4 b6 14.Rac1 Bc6 15.Nd5 Qd7
16.f4 f5 17.exf5 gxf5 18.Bf3 Kh8 19.Rfe1 Nd8 20.b5 Bb7 21.Qf2 e6 22.Nb4 Bxf3
23.Qxf3 Rc8 24.Red1 Qe7 25.Bf2 Rg8 26.Rc2 Qc7 27.a3 Rf8 28.Kh1 e5 29.Qd5 Nb7
30.Be3 Na5 31.Qd3 Qf7 32.Nd5 e4 33.Qe2 Nb3 34.a4 Rfe8 35.Rb1 Na5 36.Rd1 Nb3
37.Rb1  1/2-1/2

[Event "BCF-ch"]
[Site "Clacton on Sea"]
[Date "1974.08.10"]
[Round "6"]
[White "Law, Andrew P"]
[Black "Speelman, Jonathan S"]
[Result "1/2-1/2"]
[WhiteElo "2200"]
[BlackElo "2200"]

1.Nf3 d6 2.d4 Nf6 3.c4 g6 4.Nc3 Bg7 5.Bg5 h6 6.Bh4 c5 7.e3 O-O 8.Be2 Bf5
9.h3 Ne4 10.Nxe4 Bxe4 11.O-O cxd4 12.Nxd4 Nc6 13.Qd2 Re8 14.Nb5 Bf5 15.Rac1 Rc8
16.f3 a6 17.Nc3 Qa5 18.Bf2 b5 19.cxb5 axb5 20.Qd5 Na7 21.e4 Be6 22.Qb7 Ra8  1/2-1/2

[Event "BCF-ch"]
[Site "Clacton on Sea"]
[Date "1974.08.12"]
[Round "7"]
[White "Speelman, Jonathan S"]
[Black "Williams, Arthur H"]
[Result "1-0"]
[WhiteElo "2200"]
[BlackElo "2405"]

1.e4 Nf6 2.Nc3 e5 3.Nf3 d6 4.d4 Nbd7 5.g3 Be7 6.Bg2 O-O 7.O-O c6 8.a4 a5
9.h3 Re8 10.Re1 Qc7 11.b3 Bf8 12.Ba3 Qb6 13.Qd2 exd4 14.Nxd4 Nc5 15.Rad1 Bd7
16.Qf4 Rad8 17.Bb2 Bc8 18.Nf3 Ne6 19.Qc1 h6 20.Ba3 Nc5 21.Nd2 Be6 22.Nf1 Na6
23.Ne3 Nb4 24.Bb2 d5 25.exd5 Bxd5 26.Ncxd5 Nbxd5 27.Nxd5 Rxe1+ 28.Rxe1 Nxd5
29.Bxd5 Rxd5 30.Re8 Rd8 31.Qe1 Rxe8 32.Qxe8 Qc5 33.Qe4 b5 34.Kg2 Qd6 35.Bc3 Qc5
36.Qe5 Qxe5 37.Bxe5 Bb4 38.Kf3 f6 39.Bd4 Kf7 40.Ke2 Ke6 41.c3 Ba3 42.Bb6 bxa4
43.bxa4 Kd5 44.Bxa5 Kc4 45.Bb6 f5 46.a5 Kb5 47.Kf3 Bc1 48.g4 fxg4+ 49.Kxg4 g6
50.f4 Bd2 51.c4+ Ka6 52.h4 Kb7 53.Bc5 Bxa5 54.Bf8 Kb6 55.h5 gxh5+ 56.Kxh5 Bc3
57.f5 Bd4 58.c5+ Kb5 59.Kxh6 Kc4 60.Kg6 Kd5 61.f6  1-0

[Event "BCF-ch"]
[Site "Clacton on Sea"]
[Date "1974.08.13"]
[Round "8"]
[White "Speelman, Jonathan S"]
[Black "Bellin, Robert"]
[Result "1/2-1/2"]
[WhiteElo "2200"]
[BlackElo "2355"]

1.e4 e5 2.Nf3 Nc6 3.Bb5 a6 4.Ba4 Nf6 5.O-O Nxe4 6.d4 b5 7.Bb3 d5 8.dxe5 Be6
9.Qe2 Be7 10.Rd1 O-O 11.c4 bxc4 12.Bxc4 Qd7 13.Nc3 Nxc3 14.bxc3 f6 15.exf6 Bxf6
16.Bg5 Kh8 17.Bxf6 Rxf6 18.Ne5 Qd6 19.Nxc6 Qxc6 20.Bb3 Qxc3 21.Rac1 Qa5 22.Qe3 Raf8
23.Rc6 d4 24.Qxd4 Bxb3 25.Rxf6 Rxf6 26.axb3 Rd6 27.Qg4  1/2-1/2

[Event "BCF-ch"]
[Site "Clacton on Sea"]
[Date "1974.08.14"]
[Round "9"]
[White "Mestel, A Jonathan"]
[Black "Speelman, Jonathan S"]
[Result "1/2-1/2"]
[WhiteElo "2270"]
[BlackElo "2200"]

1.e4 c5 2.Nf3 d6 3.d4 cxd4 4.Nxd4 Nf6 5.Nc3 a6 6.Be2 e5 7.Nb3 Be7 8.O-O Be6
9.f4 Qc7 10.f5 Bc4 11.a4 Nbd7 12.Kh1 O-O 13.a5 Bb5 14.Be3 Rfe8 15.Re1 Rac8
16.Rc1 Bxe2 17.Qxe2 Qc4 18.Qf3 Kh8 19.Ra1 d5 20.exd5 Qh4 21.Bf2 Qg5 22.Rad1 Bb4
23.Ne4 Nxe4 24.Rxe4 Bf8 25.c3 Nf6 26.Be3 Qh5 27.Qxh5 Nxh5 28.Bg5 h6 29.Bh4 Bd6
30.g4 Nf4 31.Bg3 Nh3 32.Re3 Rc4 33.Kg2 Ng5 34.h3 Ne4 35.Nd2 Nxd2 36.Rxd2 f6
37.Kf3 Rc5 38.Re4 Rxa5 39.Bf2 h5 40.Ke2 Rc8 41.Kd3 Ra1 42.Re1 Ra4 43.Re4 Ra1
44.Re1 Ra4 45.Be3 Kg8 46.Rdd1 a5  1/2-1/2

[Event "BCF-ch"]
[Site "Clacton on Sea"]
[Date "1974.08.16"]
[Round "11"]
[White "Botterill, George Steven"]
[Black "Speelman, Jonathan S"]
[Result "1-0"]
[WhiteElo "2410"]
[BlackElo "2200"]

1.e4 c5 2.Nf3 Nc6 3.Bb5 e6 4.O-O Nge7 5.b3 Nd4 6.Nxd4 cxd4 7.Bb2 a6 8.Bd3 Nc6
9.c3 Bc5 10.b4 Ba7 11.a4 Qh4 12.Qe2 h5 13.e5 Qf4 14.Re1 dxc3 15.dxc3 Bb8
16.c4 Nxb4 17.Nd2 f5 18.Nf3 h4 19.h3 Qh6 20.Bc1 Qh5 21.a5 Nc6 22.c5 Rg8 23.Ra4 g5
24.Bxg5 Nxe5 25.Nxe5 Qxg5 26.f4 Qg3 27.Rf1 Kd8 28.Nf7+ Ke7 29.Rf3 Qg7 30.Ng5 Qf6
31.Re3 Ba7 32.Rc4 Qa1+ 33.Kh2 Bb8 34.Qh5 Qg7 35.Kg1 Rh8 36.Qf3 Qa1+ 37.Kh2 Qf6
38.Kg1 Kf8 39.Re1 Bc7 40.Ra4 Qc3 41.Qe3 Rh6 42.Rc4 Qf6 43.Qd2 Kg8 44.Bc2 Rg6
45.Ba4 Qe7 46.Rd1 Bxf4 47.Qxf4 Rxg5 48.Qxh4 Qg7 49.Rc2 Rg6 50.Rcd2 b5 51.axb6 Bb7
52.c6  1-0

[Event "BCF-ch"]
[Site "Morecambe"]
[Date "1975.08.06"]
[Round "3"]
[White "Speelman, Jonathan S"]
[Black "Knox, Victor W"]
[Result "1-0"]
[WhiteElo "2370"]
[BlackElo "2320"]

1.d4 d5 2.Nc3 Nf6 3.Bg5 e6 4.e4 Be7 5.Bxf6 Bxf6 6.Nf3 Nc6 7.e5 Be7 8.a3 f5
9.h4 O-O 10.Ne2 Qe8 11.Nf4 Nd8 12.c4 c6 13.Rc1 Bd7 14.Rc2 Rc8 15.Rh3 c5 16.cxd5 Ba4
17.d6 Bxd6 18.exd6 cxd4 19.Rxc8 Bxd1 20.Kxd1 Qd7 21.Rc4 Nc6 22.Ng5 Qxd6 23.Ngxe6 Re8
24.Rc5 g6 25.Rd5 Qb8 26.Rd7 b5 27.Rg7+ Kh8 28.h5 g5 29.Ng6+ hxg6 30.hxg6+  1-0

[Event "BCF-ch"]
[Site "Morecambe"]
[Date "1975.08.07"]
[Round "4"]
[White "De Veauce, Louis"]
[Black "Speelman, Jonathan S"]
[Result "1-0"]
[WhiteElo "2270"]
[BlackElo "2370"]

1.Nf3 c5 2.d3 g6 3.g3 Bg7 4.Bg2 Nc6 5.O-O Nh6 6.Nbd2 O-O 7.Nb3 Qb6 8.c3 d6
9.d4 cxd4 10.Nfxd4 Nf5 11.Nxc6 bxc6 12.e4 Nh6 13.Be3 Qc7 14.h3 f5 15.Qd2 Nf7
16.exf5 Bxf5 17.Qe2 Rab8 18.g4 Bd7 19.Bd4 e5 20.Be3 a5 21.Qc4 Kh8 22.Rfd1 Nd8
23.Qa6 Nb7 24.Bb6 Qc8 25.Nxa5 Nxa5 26.Qxc8 Bxc8 27.Bxa5 d5 28.Bb4 Rf4 29.Re1 h5
30.gxh5 gxh5 31.Re3 Bf6 32.b3 Rb7 33.Bd6 Rf5 34.Rae1 e4 35.f3 Bg5 36.fxe4 Bxe3+
37.Rxe3 Rg5 38.Bf4 Rg6 39.Be5+ Kh7 40.exd5 cxd5 41.Kh2 Rf7 42.Bd4 Re6 43.Rxe6 Bxe6
44.a4 Rf8 45.a5 Rg8 46.a6 Bc8 47.a7 Bb7 48.Bh1 Ba8 49.b4 Kg6 50.c4 Kf5 51.b5 Re8
52.Bxd5 Bxd5 53.cxd5 Ke4 54.b6  1-0

[Event "BCF-ch"]
[Site "Morecambe"]
[Date "1975.08.08"]
[Round "5"]
[White "Speelman, Jonathan S"]
[Black "Webb, Simon"]
[Result "0-1"]
[WhiteElo "2370"]
[BlackElo "2385"]

1.d4 Nf6 2.Nc3 d5 3.Bg5 Nbd7 4.e3 e6 5.Bd3 c5 6.Nf3 c4 7.Be2 Bb4 8.O-O Bxc3
9.bxc3 Qa5 10.Nd2 Qxc3 11.Bf4 Qa3 12.Rb1 Nb6 13.e4 Nxe4 14.Nxe4 dxe4 15.Bd2 Bd7
16.Bb4 Qa6 17.Qd2 Nd5 18.Bc5 f6 19.Rb3 b6 20.Bb4 Qc8 21.Rg3 g6 22.Ba3 Qc7
23.f3 e3 24.Qe1 O-O-O 25.f4 Ba4 26.c3 Bc2 27.Bc1 Nxf4 28.Bxc4 Qxc4 29.Rxf4 e5
30.Rxf6 exd4 31.h3 Rhf8 32.Rxf8 Rxf8 33.cxd4 e2 34.Rc3 Rf1+ 35.Kh2 Rxe1 36.Rxc4+ Kd7
37.Rxc2 Rh1+ 38.Kxh1 e1=Q+ 39.Kh2 Qe4 40.Rf2 Qe1 41.Rc2 Qd1 42.Rc3 Qxd4  0-1

[Event "BCF-ch"]
[Site "Morecambe"]
[Date "1975.08.11"]
[Round "7"]
[White "Speelman, Jonathan S"]
[Black "Fuller, Maxwell L"]
[Result "1/2-1/2"]
[WhiteElo "2370"]
[BlackElo "2400"]

1.e4 c5 2.Nf3 Nc6 3.Bb5 Qb6 4.Qe2 d6 5.c3 Bg4 6.Ba4 g6 7.Na3 Bg7 8.Nc4 Qc7
9.Ne3 Bd7 10.O-O Nf6 11.Nd5 Nxd5 12.exd5 Ne5 13.Bxd7+ Qxd7 14.Nxe5 dxe5 15.c4 O-O
16.d3 e6 17.dxe6 Qxe6 18.Be3 b6 19.Rad1 Rad8 20.Rd2 Rd7 21.b3 Rfd8 22.Rfd1 Qf5
23.f3 h5 24.Qf1 Bf6 25.Qe2 Bg5 26.Kf2 Bxe3+ 27.Qxe3 Rd4 28.Kg1 f6 29.Kf2 Kg7
30.Ke2 g5 31.Rf1 h4 32.h3 Qd7 33.Re1 Qd6 34.Red1 Kg6 35.Ke1 Rd7 36.Qe4+ f5
37.Qe3 Kf6 38.Ke2 a6 39.a4 Kg6 40.Ke1 Rd8 41.Ke2 Rd7 42.Ke1 Rf4 43.Rf2 Kf6
44.Rfd2 Rg7 45.Rf2 Rg8 46.Ra1 Rd4 47.Rd2 a5 48.Rad1 Rd8 49.Ke2 Rf4 50.Ke1 Rd7
51.Ke2 Rg7 52.Rf1 Ke7 53.Kd1 Kd8 54.Re1 Re7 55.Kc2 Kc8 56.Rde2 Kb7 57.Qd2 Ka6
58.Qe3 Qf6 59.Rd2 Rd4 60.Ree2 Qg6 61.Kc3 g4 62.fxg4 fxg4 63.hxg4 Rxg4 64.Kb2 Rf4
65.Ka2 Qf6 66.Rf2 Rd7 67.Rfe2 Re7 68.Rf2 Rg7 69.Rfe2 Rg5 70.Qh3 Qd6 71.Rf2 Rg3
72.Qc8+ Ka7 73.Rde2 Re3  1/2-1/2

[Event "BCF-ch"]
[Site "Morecambe"]
[Date "1975.08.13"]
[Round "9"]
[White "Speelman, Jonathan S"]
[Black "Miles, Anthony J"]
[Result "1-0"]
[WhiteElo "2370"]
[BlackElo "2435"]

1.c4 b6 2.Nc3 Bb7 3.e4 e6 4.d4 Bb4 5.Qc2 Bxc3+ 6.bxc3 Ne7 7.h4 O-O 8.Rh3 d6
9.Bd3 e5 10.f4 f5 11.exf5 exd4 12.cxd4 Nbc6 13.Qc3 d5 14.Nf3 Nxf5 15.g4 Qe8+
16.Kd1 Nd6 17.cxd5 Ne7 18.Qc2 Kh8 19.Ne5 Nf7 20.h5 Nxe5 21.dxe5 Qd7 22.e6 Qxd5
23.h6 Rf6 24.Bb2 Rxf4 25.Kc1 Ng6 26.Qc3 Qc6 27.Qxc6 Bxc6 28.hxg7+ Kg8 29.Bxg6 Rf1+
30.Kc2 Rf2+ 31.Kb3 Rxb2+ 32.Kxb2 hxg6 33.Rf1 Kxg7 34.Rf7+ Kg8 35.Rhh7 Re8
36.Rfg7+ Kf8 37.e7+  1-0

[Event "BCF-ch"]
[Site "Morecambe"]
[Date "1975.08.15"]
[Round "11"]
[White "Speelman, Jonathan S"]
[Black "Pritchett, Craig William"]
[Result "0-1"]
[WhiteElo "2370"]
[BlackElo "2390"]

1.c4 Nf6 2.Nc3 e5 3.g3 Bb4 4.Qb3 a5 5.a3 Bc5 6.Bg2 O-O 7.e3 Re8 8.Nge2 c6
9.O-O Bf8 10.f4 e4 11.g4 Nxg4 12.Nxe4 Rxe4 13.Bxe4 Qh4 14.h3 Qxh3 15.Rf3 Qh2+
16.Kf1 d5 17.cxd5 Qh1+ 18.Ng1 Nh2+ 19.Kf2 Nxf3 20.Bxf3 Qh4+ 21.Kf1 Nd7 22.Qd1 cxd5
23.Bxd5 Nf6 24.Bf3 Bf5 25.Qe1 Bd3+ 26.Be2 Bxe2+ 27.Kxe2 Qg4+ 28.Nf3 Nh5 29.Qg1 Ng3+
30.Kf2 Ne4+ 31.Ke2 Ng3+ 32.Kf2 Ne4+ 33.Ke2 Qd7 34.d3 Nc5 35.Nd4 Rd8 36.Bd2 Nb3
37.Rf1 Nxd4+ 38.exd4 Re8+ 39.Kf3 Qh3+ 40.Kf2 Qxd3  0-1

[Event "BCF-ch"]
[Site "Portsmouth"]
[Date "1976.08.12"]
[Round "4"]
[White "Speelman, Jonathan S"]
[Black "Goodman, David SC"]
[Result "1-0"]
[WhiteElo "2380"]
[BlackElo "2230"]

1.c4 g6 2.g3 Bg7 3.Bg2 Nf6 4.Nf3 d6 5.Nc3 Nc6 6.d3 e5 7.Rb1 a5 8.b3 h6 9.Bb2 O-O
10.O-O Bf5 11.h3 Qd7 12.Kh2 Be6 13.e4 Nh7 14.Nb5 f5 15.exf5 gxf5 16.d4 exd4
17.Nbxd4 Bf7 18.Nxc6 bxc6 19.Ne5 Bxe5 20.Bxe5 Be6 21.Bb2 Nf6 22.Qd4 Kh7 23.Rbe1 Rae8
24.Re3 c5 25.Qc3 f4 26.gxf4 Nh5 27.Bf3 Nf6 28.Rg1 Bf5 29.Rxe8 Qxe8 30.Bd5 Qh5
31.Qe3  1-0

[Event "BCF-ch"]
[Site "Portsmouth"]
[Date "1976.08.13"]
[Round "5"]
[White "Miles, Anthony J"]
[Black "Speelman, Jonathan S"]
[Result "1/2-1/2"]
[WhiteElo "2510"]
[BlackElo "2380"]

1.Nf3 c5 2.c4 Nf6 3.Nc3 Nc6 4.g3 e6 5.Bg2 d5 6.cxd5 exd5 7.d4 Be7 8.O-O O-O
9.Be3 cxd4 10.Nxd4 Re8 11.Qb3 Na5 12.Qc2 Nc4 13.Bc1 Bg4 14.h3 Bh5 15.Rd1 Rc8
16.Nf5 Bc5 17.g4 Bg6 18.Nxd5 Nd6 19.Nxf6+  1/2-1/2

[Event "BCF-ch"]
[Site "Portsmouth"]
[Date "1976.08.14"]
[Round "6"]
[White "Speelman, Jonathan S"]
[Black "Horner, Jeff"]
[Result "1-0"]
[WhiteElo "2380"]
[BlackElo "2405"]

1.c4 g6 2.g3 Bg7 3.Bg2 d6 4.Nc3 Nf6 5.e3 O-O 6.Nge2 c6 7.O-O e5 8.d3 Be6
9.h3 Na6 10.f4 Qd7 11.Kh2 Rac8 12.Rb1 b5 13.b3 Ne8 14.Bb2 f5 15.Qd2 Nf6 16.Nd1 bxc4
17.bxc4 Nc5 18.Nf2 Rfd8 19.Rfc1 Rb8 20.fxe5 dxe5 21.Bxe5 Rxb1 22.Rxb1 Nfe4
23.Nxe4 fxe4 24.Bxg7 Qxg7 25.Qa5 Qf8 26.d4 Nd3 27.Nc3 Qe7 28.Rb7 Qxb7 29.Qxd8+ Kg7
30.Nxe4 Bxc4 31.Nd6 Qb4 32.Qe7+ Kg8 33.d5 h5 34.Qf7+ Kh8 35.Ne8  1-0

[Event "BCF-ch"]
[Site "Portsmouth"]
[Date "1976.08.16"]
[Round "7"]
[White "Knox, Victor W"]
[Black "Speelman, Jonathan S"]
[Result "0-1"]
[WhiteElo "2330"]
[BlackElo "2380"]

1.e4 c5 2.Nf3 Nc6 3.Bb5 Qb6 4.a4 a6 5.Bc4 Nf6 6.Nc3 e6 7.d3 d6 8.O-O Be7
9.Bd2 Qc7 10.h3 b6 11.Be3 Bb7 12.Qe2 Rc8 13.Rae1 O-O 14.Nh2 Nd4 15.Qd1 Kh8
16.f4 d5 17.exd5 exd5 18.Ba2 Nxc2 19.Qxc2 d4 20.Bd2 dxc3 21.Bxc3 Nd5 22.Bxd5 Bxd5
23.Ng4 Ba8 24.Qf2 Rce8 25.Qg3 f6 26.h4 b5 27.axb5 axb5 28.b3 c4 29.dxc4 bxc4
30.bxc4 Qxc4 31.Kh2 Bd6 32.Rd1 Re2 33.Rf2 Rxf2 34.Qxf2 Bxf4+ 35.Kg1 Bc7 36.Bd4 Rd8
37.Ne3 Rxd4 38.Ra1 Qc6 39.Nf5 Rg4 40.Kf1 Rf4  0-1

[Event "BCF-ch"]
[Site "Portsmouth"]
[Date "1976.08.17"]
[Round "8"]
[White "Speelman, Jonathan S"]
[Black "Mestel, A Jonathan"]
[Result "0-1"]
[WhiteElo "2380"]
[BlackElo "2390"]

1.d4 Nf6 2.c4 e6 3.Nc3 c5 4.d5 exd5 5.cxd5 d6 6.e4 g6 7.Nf3 Bg7 8.Be2 O-O
9.O-O Bg4 10.Be3 Bxf3 11.Bxf3 Re8 12.Bf4 a6 13.Re1 Ra7 14.a4 b6 15.Qd2 Qc7
16.e5 dxe5 17.d6 Qd7 18.Rxe5 Rxe5 19.Bxe5 Nc6 20.Bxc6 Qxc6 21.Rd1 Rd7 22.Qf4 Nh5
23.Qe3 Nf6 24.Qd3 Ne8 25.Qe2 Bxe5 26.Qxe5 Nxd6 27.Nd5 Nc4 28.Qe4 Nxb2 29.Nf6+ Qxf6
30.Rxd7 Qe6 31.Rd8+ Kg7 32.Qb1 Qe5 33.f4 Qe3+ 34.Kh1 Nxa4 35.Qa1+ Nc3 36.Rd1 b5
37.Re1 Qd2 38.f5 b4 39.f6+ Kh6 40.Rf1 b3  0-1

[Event "BCF-ch"]
[Site "Portsmouth"]
[Date "1976.08.18"]
[Round "9"]
[White "Haygarth, Michael J"]
[Black "Speelman, Jonathan S"]
[Result "1-0"]
[WhiteElo "2330"]
[BlackElo "2380"]

1.d4 Nf6 2.c4 c5 3.d5 e5 4.Nc3 d6 5.e4 Nbd7 6.Be2 g6 7.Be3 a6 8.a4 h5 9.Nf3 Qe7
10.Qc1 Ng4 11.Bg5 f6 12.Bd2 Bh6 13.Bxh6 Nxh6 14.a5 Rb8 15.Ra3 Kf8 16.O-O Kg7
17.Ne1 Nf7 18.Nd3 Rf8 19.Qe3 Ng5 20.Raa1 b6 21.axb6 Rxb6 22.Rfb1 Qf7 23.b4 cxb4
24.Na4 Rb7 25.Rxb4 f5 26.Rxb7 Bxb7 27.f3 fxe4 28.fxe4 Qe7 29.c5 dxc5 30.Naxc5 Nxc5
31.Qxc5 Qd8 32.Qe3 Qe7 33.Rb1 Bc8 34.Rb6 h4 35.d6 Qd8 36.Rc6 Nf7 37.Qc5 h3
38.g3 Be6 39.Rc7 Kg8 40.Re7 Bc8 41.Bd1 Qxd6 42.Qxd6 Nxd6 43.Bb3+ Kh8 44.Nxe5 Rf6
45.Bd5 a5 46.Ra7 a4 47.Rxa4 Be6 48.Ra6 Bxd5 49.exd5  1-0

[Event "BCF-ch"]
[Site "Portsmouth"]
[Date "1976.08.19"]
[Round "10"]
[White "Speelman, Jonathan S"]
[Black "Povah, Nigel E"]
[Result "1/2-1/2"]
[WhiteElo "2380"]
[BlackElo "2300"]

1.c4 e5 2.Nc3 Nf6 3.e3 Bb4 4.Nge2 O-O 5.a3 Bxc3 6.Nxc3 Nc6 7.Be2 d5 8.cxd5 Nxd5
9.O-O Be6 10.Qc2 Qg5 11.d3 Qg6 12.b4 Nxc3 13.Qxc3 Bh3 14.Bf3 Rad8 15.Rd1 e4
16.Bxe4 Qxe4 17.gxh3 Qf3 18.Bb2 f6  1/2-1/2

[Event "BCF-ch"]
[Site "Portsmouth"]
[Date "1976.08.20"]
[Round "11"]
[White "Clarke, Peter H"]
[Black "Speelman, Jonathan S"]
[Result "0-1"]
[WhiteElo "2350"]
[BlackElo "2380"]

1.b3 b6 2.Bb2 Bb7 3.d3 e6 4.e3 Nh6 5.Nf3 f6 6.Nbd2 Qe7 7.c4 g6 8.g3 Bg7 9.Bg2 O-O
10.O-O d6 11.Nd4 Bxg2 12.Kxg2 e5 13.Nc2 f5 14.Rb1 a5 15.a3 Nd7 16.b4 axb4
17.axb4 g5 18.f3 g4 19.fxg4 Nxg4 20.e4 Nh6 21.Ne3 f4 22.Nd5 Qd8 23.b5 Nf6
24.Ra1 Nxd5 25.cxd5 Rxa1 26.Qxa1 Ng4 27.Nc4 Qg5 28.Rf3 Nxh2 29.Kxh2 fxg3+
30.Kg2 Rxf3 31.Kxf3 Qf4+ 32.Kg2 Qf2+  0-1

[Event "Hastings7778"]
[Site "Hastings"]
[Date "1977.??.??"]
[Round "1"]
[White "Shamkovich, Leonid"]
[Black "Speelman, Jonathan S"]
[Result "1/2-1/2"]
[WhiteElo "2485"]
[BlackElo "2395"]

1.e4 c5 2.Nf3 Nc6 3.d4 cxd4 4.Nxd4 Nf6 5.Nc3 d6 6.Bg5 e6 7.Qd2 a6 8.O-O-O Bd7
9.f3 b5 10.Kb1 h6 11.Be3 Ne5 12.a3 Rb8 13.g4 Qc7 14.h4 Qb7 15.Be2 Nc4 16.Bxc4 bxc4
17.Qc1 e5 18.Nf5 d5 19.Nxd5 Nxd5 20.Rxd5 Bxa3 21.Rxe5+ Kd8 22.Bd4 Bxb2 23.Bxb2 Qc7
24.Re7 c3 25.Rd1 Rxb2+ 26.Qxb2 cxb2 27.Rxf7 Kc8 28.Rdxd7 Qxd7 29.Rxd7 Kxd7
30.Kxb2 g6 31.Nd4  1/2-1/2

[Event "Hastings7778"]
[Site "Hastings"]
[Date "1977.??.??"]
[Round "2"]
[White "Speelman, Jonathan S"]
[Black "Tisdall, Jonathan D"]
[Result "1-0"]
[WhiteElo "2395"]
[BlackElo "2375"]

1.e4 c5 2.Nf3 Nc6 3.d4 cxd4 4.Nxd4 e6 5.Nc3 Qc7 6.g3 a6 7.Bg2 d6 8.O-O Bd7
9.Re1 Be7 10.Nxc6 bxc6 11.b3 Rd8 12.Bb2 Bf6 13.Qe2 Qa5 14.Na4 c5 15.e5 dxe5
16.Bc3 Qc7 17.Qxa6 Rb8 18.Ba5 Qc8 19.Qxc8+ Rxc8 20.Nb6 Rb8 21.Nxd7 Kxd7 22.Rad1+ Kc8
23.Rd6 Rb5 24.Rc6+ Kb8 25.Bc7+  1-0

[Event "Hastings7778"]
[Site "Hastings"]
[Date "1977.??.??"]
[Round "4"]
[White "Speelman, Jonathan S"]
[Black "Botterill, George Steven"]
[Result "1/2-1/2"]
[WhiteElo "2395"]
[BlackElo "2350"]

1.e4 d6 2.d4 g6 3.Nf3 Bg7 4.Be2 Nf6 5.Nc3 O-O 6.O-O Nbd7 7.e5 Ne8 8.Re1 c6
9.Bf4 dxe5 10.dxe5 Nc7 11.Qd2 Ne6 12.Rad1 Nxf4 13.Qxf4 Qc7 14.Bc4 e6 15.h4 h5
16.Qg3 b5 17.Bxe6  1/2-1/2

[Event "Hastings7778"]
[Site "Hastings"]
[Date "1977.??.??"]
[Round "5"]
[White "Kagan, Shimon"]
[Black "Speelman, Jonathan S"]
[Result "1/2-1/2"]
[WhiteElo "2440"]
[BlackElo "2395"]

1.e4 c5 2.Nf3 Nc6 3.d4 cxd4 4.Nxd4 Nf6 5.Nc3 d6 6.g3 Bg4 7.f3 Bd7 8.Be3 a6
9.Qd2 Rc8 10.g4 Nxd4 11.Bxd4 e5 12.Be3 Be6 13.g5 Nd7 14.h4 Be7 15.O-O-O h6
16.gxh6 gxh6 17.h5 Bg5 18.Bxg5 Qxg5 19.Qxg5 hxg5 20.Rxd6 Ke7 21.Rd2 Nf6 22.h6 Rh7
23.Rg2 g4 24.Be2 gxf3 25.Bxf3 Rch8 26.Rg5 Rxh6 27.Rxh6 Rxh6 28.Rxe5 Nd7 29.Rg5 Rg6
30.Rh5 Rg3 31.Be2 Rh3 32.Rg5 Kd6 33.Kd2 Ne5 34.b3 Rh2 35.Rg3 Kc5 36.Ke3 Kb4
37.Nb1 Rh1 38.a3+ Kc5 39.Nc3 Ra1 40.Rg5 Kd6 41.a4 Rh1 42.Kd2 Rh2 43.Kc1 Nc6
44.Bd1 Nd4 45.e5+ Kc6 46.Ne4 Bf5 47.Nd2 Rh1 48.Nc4 Bxc2 49.Ne3 Bxd1 50.Nxd1 Nxb3+
51.Kb2 Nc5 52.Nc3 Rh2+ 53.Kc1 Rh3 54.Ne2 Nxa4 55.Rf5 Rh2 56.Nd4+ Kd5 57.e6+ Kxd4
58.exf7  1/2-1/2

[Event "Hastings7778"]
[Site "Hastings"]
[Date "1977.??.??"]
[Round "6"]
[White "Speelman, Jonathan S"]
[Black "Webb, Simon"]
[Result "1/2-1/2"]
[WhiteElo "2395"]
[BlackElo "2430"]

1.c4 e6 2.Nc3 d5 3.d4 Nf6 4.Bg5 Be7 5.e3 O-O 6.Rc1 h6 7.Bh4 b6 8.Bxf6 Bxf6
9.cxd5 exd5 10.Be2 c6 11.Bf3 Bf5 12.Nge2 Re8 13.O-O Be7 14.Re1 Nd7 15.Ng3 Bg6
16.e4 dxe4 17.Bxe4 Bxe4 18.Ncxe4 Nf6 19.Rxc6 Nxe4 20.Rxe4 Qd5 21.Rc1 Bg5
22.Qf3 Qxa2 23.Rce1 Rxe4 24.Nxe4 Rd8 25.h4 Qa5 26.Rd1 Be7 27.d5 Qb4 28.b3 a5
29.Qd3 Bd6 30.g3 b5 31.Nxd6  1/2-1/2

[Event "Hastings7778"]
[Site "Hastings"]
[Date "1977.??.??"]
[Round "7"]
[White "Petrosian, Tigran V"]
[Black "Speelman, Jonathan S"]
[Result "1/2-1/2"]
[WhiteElo "2645"]
[BlackElo "2395"]

1.d4 g6 2.c4 Bg7 3.g3 d6 4.Nc3 Nd7 5.Nf3 e5 6.Bg2 c6 7.O-O Ngf6 8.e4 O-O
9.h3 Re8 10.Re1 a6 11.d5 cxd5 12.cxd5 b5 13.Bf1 Nb6 14.a3 Bd7 15.Kh2 Qc7
16.Bd3 Rec8 17.Qe2 Qb7 18.Nd2 Rc7 19.Nf1 Qc8 20.g4 Be8 21.Be3 Nfd7 22.Nd2 Nc5
23.Rec1 Rb8 24.b4 Nxd3 25.Qxd3 Na4 26.Ne2  1/2-1/2

[Event "Hastings7778"]
[Site "Hastings"]
[Date "1977.??.??"]
[Round "9"]
[White "Speelman, Jonathan S"]
[Black "Sax, Gyula"]
[Result "1/2-1/2"]
[WhiteElo "2395"]
[BlackElo "2565"]

1.c4 g6 2.e4 e5 3.d4 Nf6 4.Nf3 Bb4+ 5.Bd2 Bxd2+ 6.Qxd2 Nxe4 7.Qe3 d5 8.dxe5 Nc6
9.Nc3 d4 10.Nxd4 Qxd4 11.Qxe4 Qxe4+ 12.Nxe4 Nxe5 13.f4 Ng4 14.Be2  1/2-1/2